Ateneo de Madrid, actas de sesiones de la 4ª Sección 1837-1848 [ (Record no. 103124)

MARC details
000 -LEADER
campo de control de longitud fija 01098ntm a2200241 i 4500
001 - NÚMERO DE CONTROL
campo de control 103124
003 - IDENTIFICADOR DE NÚMERO DE CONTROL
campo de control ES-MaACL
005 - FECHA Y HORA DE LA ÚLTIMA TRANSACCIÓN
campo de control 20230906183256.0
007 - CAMPO FIJO DE DESCRIPCIÓN FÍSICA--INFORMACIÓN GENERAL
campo de control de longitud fija t|
008 - DATOS DE LONGITUD FIJA--INFORMACIÓN GENERAL
campo de control de longitud fija 060113m18371848sp |||| | spa d
080 ## - NÚMERO DE LA CLASIFICACIÓN DECIMAL UNIVERSAL
Número de la Clasificación Decimal Universal 061.21(464.27)Ateneo
110 2# - ENTRADA PRINCIPAL--NOMBRE DE ENTIDAD CORPORATIVA
Nombre de entidad corporativa o nombre de jurisdicción como elemento de entrada Ateneo de Madrid.
Unidad subordinada Sección de Literatura y Bellas Artes.
9 (RLIN) 2001
245 10 - MENCIÓN DEL TÍTULO
Título Ateneo de Madrid, actas de sesiones de la 4ª Sección 1837-1848 [
Medio Manuscrito].
246 3# - FORMA VARIANTE DEL TITULO
Título propio/Titulo breve Actas de la Sección de Literatura y Bellas Artes (1837-1848)
260 ## - PUBLICACIÓN, DISTRIBUCIÓN, ETC.
Lugar de publicación, distribución, etc. Madrid :
Nombre del editor, distribuidor, etc. Ateneo de Madrid,
Fecha de publicación, distribución, etc. 1837-1848.
300 ## - DESCRIPCIÓN FÍSICA
Extensión [348] p. ;
Dimensiones 30 cm.
500 ## - NOTA GENERAL
Nota general No constan sesiones de mayo a noviembre de 1837 y febrero 1841 a marzo 1844.
505 8# - NOTA DE CONTENIDO CON FORMATO
Nota de contenido con formato Contiene: Desde la sesión de 8 de enero de 1837 hasta la sesión de 12 de febrero de 1848
530 ## - NOTA DISPONIBLE DE FORMULARIO FÍSICO ADICIONAL
Nota de formato físico adicional disponible Disponible en formato digital.
610 24 - PUNTO DE ACCESO ADICIONAL DE MATERIA--NOMBRE DE ENTIDAD CORPORATIVA
Nombre de entidad corporativa o nombre de jurisdicción como elemento de entrada Ateneo de Madrid.
Unidad subordinada Sección de Literatura y Bellas Artes-
Subdivisión de forma Memorias.
9 (RLIN) 157397
852 4# - LOCALIZACIÓN
Ubicación ES-MaACL
Número de control de estantería R-3390
856 4# - LOCALIZACIÓN Y ACCESO ELECTRÓNICOS
Identificador Uniforme de Recursos <a href="http://archivo.ateneodemadrid.es/actas-de-la-secci-n-de-literatura-y-bellas-artes-1837-1848;isad">http://archivo.ateneodemadrid.es/actas-de-la-secci-n-de-literatura-y-bellas-artes-1837-1848;isad</a>
Nota pública Archivo del Ateneo de Madrid
Holdings
Estatus retirado Estado de pérdida Estado de daño No para préstamo Colección Biblioteca de origen Biblioteca actual Ubicación en estantería Fecha de adquisición Fuente de adquisición Total de préstamos Signatura topográfica completa Código de barras Visto por última vez Precio de reemplazo Tipo de ítem Koha
        Colección digital Biblioteca del Ateneo de Madrid Biblioteca del Ateneo de Madrid Depósito 17/01/2008     R-3390 1107686 23/02/2023 23/02/2023 Manuscrito